History of Nevada; (Record no. 51773)

MARC details
000 -LEADER
fixed length control field 00923cam a22002771 4500
001 - CONTROL NUMBER
control field rc 01000309
003 - CONTROL NUMBER IDENTIFIER
control field DLC
005 - DATE AND TIME OF LATEST TRANSACTION
control field 20260227111859.0
007 - PHYSICAL DESCRIPTION FIXED FIELD--GENERAL INFORMATION
fixed length control field cr_|||||||||||
008 - FIXED-LENGTH DATA ELEMENTS--GENERAL INFORMATION
fixed length control field 790523s1881 cauacf 000 0 eng
010 ## - LIBRARY OF CONGRESS CONTROL NUMBER
LC control number rc 01000309
035 ## - SYSTEM CONTROL NUMBER
System control number (OCoLC)4994580
040 ## - CATALOGING SOURCE
Original cataloging agency DLC
Transcribing agency UU
Modifying agency CSmH
-- DLC
042 ## - AUTHENTICATION CODE
Authentication code premarc
043 ## - GEOGRAPHIC AREA CODE
Geographic area code n-us-nv
050 00 - LIBRARY OF CONGRESS CALL NUMBER
Classification number F841
Item number .A5
100 1# - MAIN ENTRY--PERSONAL NAME
Personal name Angel, Myron,
Relator term ed.
245 10 - TITLE STATEMENT
Title History of Nevada;
Statement of responsibility, etc. with illustrations and biographical sketches of its prominent men and pioneers.
260 ## - PUBLICATION, DISTRIBUTION, ETC.
Place of publication, distribution, etc. Oakland, Cal.,
Name of publisher, distributor, etc. Thompson and West,
Date of publication, distribution, etc. 1881.
300 ## - PHYSICAL DESCRIPTION
Extent xiv,680p.
Other physical details illus.,plates(part double)ports.
Dimensions 30cm.
500 ## - GENERAL NOTE
General note "Editor's introductory" signed: Myron Angel.
530 ## - ADDITIONAL PHYSICAL FORM AVAILABLE NOTE
Additional physical form available note Also available in digital form on the Internet Archive Web site.
651 #0 - SUBJECT ADDED ENTRY--GEOGRAPHIC NAME
Geographic name Nevada
General subdivision History.
651 #0 - SUBJECT ADDED ENTRY--GEOGRAPHIC NAME
Geographic name Nevada
Form subdivision Biography.
856 41 - ELECTRONIC LOCATION AND ACCESS
Uniform Resource Identifier <a href="http://hdl.loc.gov/loc.gdc/scd0001.00141342952">http://hdl.loc.gov/loc.gdc/scd0001.00141342952</a>

No items available.

Powered by Koha